Feminismo y postmodernidad entre el ser para sí o el ser para los otros /
El artículo trata sobre la postura teórica del feminismo postmoderno, corriente que se caracteriza por la influencia teórica que ha tenido en los últimos años entre las feministas, por su radicalidad y heterogeneidad. El feminismo posmoderno plantea en general la necesidad de crear rupturas centrale...
Guardat en:
| Autor principal: | |
|---|---|
| Format: | Text |
| Matèries: | |
| Etiquetes: |
Afegir etiqueta
Sense etiquetes, Sigues el primer a etiquetar aquest registre!
|
MARC
| LEADER | 00000 a a2200000 04500 | ||
|---|---|---|---|
| 001 | 14461 | ||
| 003 | |||
| 040 | |||
| 100 | |a Piedra Guillén, Nancy | ||
| 245 | |a Feminismo y postmodernidad entre el ser para sí o el ser para los otros / |c Nancy Piedra Guillén | ||
| 500 | |a Resumen también en Inglés | ||
| 520 | |a El artículo trata sobre la postura teórica del feminismo postmoderno, corriente que se caracteriza por la influencia teórica que ha tenido en los últimos años entre las feministas, por su radicalidad y heterogeneidad. El feminismo posmoderno plantea en general la necesidad de crear rupturas centrales y determinantes con el pensamiento occidental, masculino, moderno, falocéntrico y dominante, que ha estado presente en el desarrollo de la humanidad. Así, la autora analiza las limitaciones y aportes de esta corriente desde su visión particular | ||
| 650 | |a FEMINISMO | ||
| 650 | |a TEORIA SOCIAL | ||
| 650 | |a SOCIEDAD POSTINDUSTRIAL | ||
| 650 | |a MUJERES | ||
| 650 | |a DESIGUALDAD SOCIAL | ||
| 773 | |g número 101 -102 (III -IV; páginas 43-56) | ||
| 999 | |c 20816 |d 20816 | ||
| 773 | 0 | |0 18728 |9 3036 |a Universidad de Costa Rica |d San José, Costa Rica Editorial UCR 1956- |o 17129 |t Revista de Ciencias Sociales/ |x 04825276 | |
